000
00216nam a2200085Ia 4500
008
120527s9999 xx 000 0 und d
100
_a
Stearms, et al
245
_a
World Civilization: the global experience
942
_c
BK
999
_c
27696
_d
27696